000 00361nam a2200157Ia 4500
003 OSt
005 20240227120844.0
008 170524s9999 xx 000 0 und d
020 _a ‎ 978-0873892582
040 _cIIMT UNIVERSITY
100 _aLowenthal JN
245 0 _aRe-engineering the Organization
260 _bTMH
260 _c1996
942 _2ddc
_c02
999 _c5285
_d5285